000 00375nam a2200145Ia 4500
005 20250729165741.0
008 250729s1900 xx 000 0 und d
041 _akan
082 _a530.7 ANUG
100 _aAnubhavika Shikshakaru
_9232081
245 _aGanita vijnana suthragalu
260 _aGadag
_bMaruthi Book Center
300 _a112p
650 _aMathematics
_9232082
999 _c239604
_d239604